| 000 | 00554nam a2200193 i 4500 | ||
|---|---|---|---|
| 001 | 26272 | ||
| 003 | ES-MaACL | ||
| 005 | 20230906153420.0 | ||
| 007 | t| | ||
| 008 | 030108s1972 sp ||||1| spa d | ||
| 100 | 1 |
_aArévalo, Rodolfo. _922660 |
|
| 245 | 1 | 0 |
_aDescalzo y otros cuentos / _cRodolfo Arévalo. |
| 260 |
_aMadrid : _bLiteroy, _c[1972] |
||
| 300 |
_a235 p. ; _c20 cm. |
||
| 490 | 1 |
_aColección voz del tiempo ; _v16 |
|
| 830 | 0 |
_aColección voz del tiempo ; _v16 _9181034 |
|
| 852 |
_aES-MaACL _jC-49465 _bR.84259 |
||
| 999 |
_c26272 _d26272 |
||